| 000 | 00736nam0a22002531 4500 | ||
|---|---|---|---|
| 001 | rc\718970 | ||
| 005 | 20250621225000.0 | ||
| 010 |
_a5-251-00553-9 _935000 |
||
| 035 | _a(NLR Aleph) 005962314 | ||
| 090 |
_a6862196 _c6862196 |
||
| 100 | _a20031121d1997 |||y0rusy50 ca | ||
| 101 | 0 | _arus | |
| 102 | _aRU | ||
| 105 | _ay ||||||||| | ||
| 200 | 1 |
_aЛегкие шаги безумия _fПолина Дашкова |
|
| 210 |
_aМ. _cЭКСМО _d1997 |
||
| 215 |
_a460, [1] с. _d21 |
||
| 225 | 1 | _aДетектив глазами женщины | |
| 700 | 1 |
_aДашкова _bП.В. _gПолина Викторовна |
|
| 801 | 0 |
_aRU _bNLR _gpsbo |
|
| 801 | 1 |
_aRU _bELAR _2rusmarc |
|
| 852 |
_aNLR _j97-3/13396 |
||
| 942 | _cBOOK | ||
| 980 | _aNB | ||